000 01052njm a2200289Ia 4500
001 20307
003 IT-RoPAU
005 20220918181204.0
008 131025s9999 xx 000 0 und d
040 _aIT-RoPAU
040 _cIT-RoPAU
041 _aLATINO
999 _c103234
_d103234
999 _bn.d.
100 _aPerosi Lorenzo
_91325
100 _eAutore musica
_91326
100 _gCodice autore musica SPICS: 8117
_91327
245 _aMissa pontificalis secunda a tre voci miste con organo
250 _a1a ed.
260 _aITALIA
260 _bANGELICUM
_c1971 [1a Ed.:1971 - Ed. Lingua Orig.: 1897]
300 _aDISCO
500 _aMusica liturgica religiosa
505 _aKyrie - Gloria - Credo - Sanctus - Benedictus - Agnus Dei - Tantum Ergo a 3 voci pari - Magnificat a 2 voci pari e organo - Te Deum a 3 voci pari (Coro Polifonico di Milano diretto da Giulio Bertola)
511 _aCoro della Cappella dell'Immacolata di Bergamo diretto da Corbetta Egidio
650 _aLITURGICO [DISCHI]
_eCodice MATERIA SPICS: 9950
_9966
942 _cMD
_2ddc